[Event "Chessable Masters - Torneo preliminare"]
[White "Wei, Yi"]
[Black "Rasulov, Vugar"]
[WhiteFideId "8603405"]
[BlackFideId "13402390"]
[WhiteElo "2716"]
[BlackElo "2415"]
[Result "0-1"]
[Round "1"]
[TimeControl "600+2"]
[Date "2023.03.13"]
[WhiteClock "0:00:03"]
[BlackClock "0:00:10"]

1. d4 {[%clk 0:09:50]}  d5 {[%clk 0:09:57]} 2. c4 {[%clk 0:09:50]}  c6 {[%clk 0:09:56]} 3. Nf3 {[%clk 0:09:51]}  Nf6 {[%clk 0:09:55]} 4. Nc3 {[%clk 0:09:51]}  e6 {[%clk 0:09:54]} 5. Bg5 {[%clk 0:09:51]}  h6 {[%clk 0:09:42]} 6. Bh4 {[%clk 0:09:47]}  Be7 {[%clk 0:09:23]} 7. e3 {[%clk 0:09:40]}  O-O {[%clk 0:09:22]} 8. Qc2 {[%clk 0:08:33]}  b6 {[%clk 0:08:53]} 9. O-O-O {[%clk 0:08:26]}  Ba6 {[%clk 0:08:16]} 10. Bxf6 {[%clk 0:07:25]}  Bxf6 {[%clk 0:08:15]} 11. h4 {[%clk 0:07:26]}  g6 {[%clk 0:07:51]} 12. Ne5 {[%clk 0:07:21]}  Bxc4 {[%clk 0:06:35]} 13. Bxc4 {[%clk 0:06:30]}  dxc4 {[%clk 0:06:37]} 14. f4 {[%clk 0:06:27]}  Na6 {[%clk 0:06:14]} 15. Ne4 {[%clk 0:05:40]}  Bg7 {[%clk 0:05:54]} 16. a3 {[%clk 0:05:05]}  b5 {[%clk 0:05:30]} 17. h5 {[%clk 0:04:57]}  gxh5 {[%clk 0:04:50]} 18. g4 {[%clk 0:03:59]}  f6 {[%clk 0:04:07]} 19. Ng6 {[%clk 0:03:08]}  hxg4 {[%clk 0:03:58]} 20. Nxf8 {[%clk 0:03:05]}  Kxf8 {[%clk 0:03:56]} 21. f5 {[%clk 0:03:03]}  Qd5 {[%clk 0:03:45]} 22. Rhf1 {[%clk 0:01:51]}  Re8 {[%clk 0:03:28]} 23. Nc3 {[%clk 0:01:29]}  Qd7 {[%clk 0:03:18]} 24. e4 {[%clk 0:01:21]}  b4 {[%clk 0:03:09]} 25. Na4 {[%clk 0:00:57]}  c3 {[%clk 0:02:42]} 26. bxc3 {[%clk 0:00:54]}  bxa3 {[%clk 0:02:36]} 27. Qa2 {[%clk 0:00:38]}  exf5 {[%clk 0:02:31]} 28. Qxa3+ {[%clk 0:00:34]}  Kg8 {[%clk 0:02:30]} 29. Qa2+ {[%clk 0:00:30]}  Qf7 {[%clk 0:01:56]} 30. Qe2 {[%clk 0:00:21]}  h5 {[%clk 0:01:15]} 31. Rxf5 {[%clk 0:00:07]}  Qb3 {[%clk 0:01:02]} 32. Nb2 {[%clk 0:00:07]}  Qxc3+ {[%clk 0:00:57]} 33. Kb1 {[%clk 0:00:08]}  Nb4 {[%clk 0:00:56]} 34. Rc5 {[%clk 0:00:03]}  Qa3 {[%clk 0:00:50]} 35. Qc4+ {[%clk 0:00:04]}  Kf8 {[%clk 0:00:52]} 36. e5 {[%clk 0:00:04]}  Rb8 {[%clk 0:00:41]} 37. exf6 {[%clk 0:00:06]}  Nd3 {[%clk 0:00:25]} 38. fxg7+ {[%clk 0:00:06]}  Kxg7 {[%clk 0:00:27]} 39. Rg5+ {[%clk 0:00:07]}  Kf6 {[%clk 0:00:23]} 40. Rf5+ {[%clk 0:00:04]}  Kxf5 {[%clk 0:00:21]} 41. Qf7+ {[%clk 0:00:04]}  Kg5 {[%clk 0:00:18]} 42. Qg7+ {[%clk 0:00:06]}  Kf4 {[%clk 0:00:17]} 43. Rf1+ {[%clk 0:00:04]}  Kg3 {[%clk 0:00:11]} 44. Qc7+ {[%clk 0:00:04]}  Kg2 {[%clk 0:00:12]} 45. Qxb8 {[%clk 0:00:03]}  Kxf1 {[%clk 0:00:10]} 0-1


[Site "Internet"]

[Event "Chessable Masters - Torneo preliminare"]
[White "Neiksans, Arturs"]
[Black "Yu, Yangyi"]
[WhiteFideId "11601388"]
[BlackFideId "8603820"]
[WhiteElo "2553"]
[BlackElo "2734"]
[Result "1/2-1/2"]
[Round "1"]
[TimeControl "600+2"]
[Date "2023.03.13"]
[WhiteClock "0:00:54"]
[BlackClock "0:00:38"]

1. e4 {[%clk 0:10:00]}  c5 {[%clk 0:09:47]} 2. Nf3 {[%clk 0:10:00]}  d6 {[%clk 0:09:48]} 3. Bb5+ {[%clk 0:10:00]}  Nd7 {[%clk 0:09:48]} 4. Ba4 {[%clk 0:09:53]}  Nf6 {[%clk 0:09:43]} 5. Qe2 {[%clk 0:09:39]}  a6 {[%clk 0:09:36]} 6. c3 {[%clk 0:09:33]}  b5 {[%clk 0:09:29]} 7. Bc2 {[%clk 0:09:33]}  Bb7 {[%clk 0:09:30]} 8. d4 {[%clk 0:09:21]}  e6 {[%clk 0:09:30]} 9. O-O {[%clk 0:09:20]}  Be7 {[%clk 0:09:28]} 10. Re1 {[%clk 0:09:13]}  O-O {[%clk 0:09:21]} 11. Nbd2 {[%clk 0:09:11]}  Qc7 {[%clk 0:09:11]} 12. e5 {[%clk 0:08:05]}  dxe5 {[%clk 0:08:59]} 13. dxe5 {[%clk 0:08:05]}  Nd5 {[%clk 0:08:56]} 14. Qe4 {[%clk 0:07:26]}  g6 {[%clk 0:08:50]} 15. Qg4 {[%clk 0:07:20]}  Rae8 {[%clk 0:06:33]} 16. Qg3 {[%clk 0:06:42]}  f5 {[%clk 0:05:51]} 17. exf6 {[%clk 0:06:40]}  Bd6 {[%clk 0:05:51]} 18. Qh4 {[%clk 0:06:17]}  N7xf6 {[%clk 0:05:51]} 19. Ne4 {[%clk 0:06:14]}  Nxe4 {[%clk 0:05:16]} 20. Bxe4 {[%clk 0:06:14]}  Bf4 {[%clk 0:04:59]} 21. g3 {[%clk 0:05:34]}  Bxc1 {[%clk 0:04:31]} 22. Raxc1 {[%clk 0:05:34]}  Qe7 {[%clk 0:03:56]} 23. Qxe7 {[%clk 0:05:21]}  Rxe7 {[%clk 0:03:57]} 24. Ne5 {[%clk 0:05:11]}  c4 {[%clk 0:03:52]} 25. h4 {[%clk 0:04:57]}  Rd8 {[%clk 0:03:45]} 26. Rc2 {[%clk 0:04:50]}  Nf6 {[%clk 0:03:32]} 27. Bxb7 {[%clk 0:04:49]}  Rxb7 {[%clk 0:03:34]} 28. Rce2 {[%clk 0:04:42]}  Re8 {[%clk 0:02:50]} 29. Nf3 {[%clk 0:04:39]}  Rbe7 {[%clk 0:02:47]} 30. a4 {[%clk 0:03:23]}  Nd5 {[%clk 0:02:15]} 31. axb5 {[%clk 0:03:19]}  axb5 {[%clk 0:02:17]} 32. Nd4 {[%clk 0:03:17]}  b4 {[%clk 0:02:15]} 33. Nc6 {[%clk 0:02:08]}  Rb7 {[%clk 0:02:14]} 34. Na5 {[%clk 0:01:42]}  Rc7 {[%clk 0:02:13]} 35. cxb4 {[%clk 0:01:39]}  Nxb4 {[%clk 0:02:09]} 36. Rxe6 {[%clk 0:01:40]}  Rxe6 {[%clk 0:01:59]} 37. Rxe6 {[%clk 0:01:41]}  Nd3 {[%clk 0:02:00]} 38. Re2 {[%clk 0:01:34]}  Rc5 {[%clk 0:01:40]} 39. Nb7 {[%clk 0:01:34]}  Rb5 {[%clk 0:01:24]} 40. Nd6 {[%clk 0:01:33]}  Rxb2 {[%clk 0:01:13]} 41. Re8+ {[%clk 0:01:12]}  Kg7 {[%clk 0:01:14]} 42. Nxc4 {[%clk 0:01:13]}  Rxf2 {[%clk 0:01:04]} 43. Re7+ {[%clk 0:00:49]}  Rf7 {[%clk 0:00:39]} 44. Rxf7+ {[%clk 0:00:50]}  Kxf7 {[%clk 0:00:41]} 45. Kg2 {[%clk 0:00:50]}  Ke6 {[%clk 0:00:40]} 46. Kf3 {[%clk 0:00:48]}  Kd5 {[%clk 0:00:39]} 47. Ne3+ {[%clk 0:00:49]}  Ke5 {[%clk 0:00:40]} 48. Ng4+ {[%clk 0:00:50]}  Kf5 {[%clk 0:00:40]} 49. Ne3+ {[%clk 0:00:51]}  Ke5 {[%clk 0:00:40]} 50. Ng4+ {[%clk 0:00:53]}  Kf5 {[%clk 0:00:37]} 51. Ne3+ {[%clk 0:00:54]}  Ke5 {[%clk 0:00:38]} 1/2-1/2


[Site "Internet"]

[Event "Chessable Masters - Torneo preliminare"]
[White "Svidler, Peter"]
[Black "Christiansen, Johan-Sebastian"]
[WhiteFideId "4102142"]
[BlackFideId "1512668"]
[WhiteElo "2752"]
[BlackElo "2481"]
[Result "1-0"]
[Round "1"]
[TimeControl "600+2"]
[Date "2023.03.13"]
[WhiteClock "0:01:49"]
[BlackClock "0:00:03"]

1. e4 {[%clk 0:10:00]}  e5 {[%clk 0:09:50]} 2. Nf3 {[%clk 0:10:00]}  Nc6 {[%clk 0:09:50]} 3. Bb5 {[%clk 0:10:00]}  f5 {[%clk 0:09:45]} 4. d3 {[%clk 0:09:55]}  Nf6 {[%clk 0:09:42]} 5. O-O {[%clk 0:09:33]}  fxe4 {[%clk 0:09:36]} 6. dxe4 {[%clk 0:09:33]}  Bc5 {[%clk 0:09:38]} 7. Bxc6 {[%clk 0:08:59]}  bxc6 {[%clk 0:09:30]} 8. Nxe5 {[%clk 0:09:00]}  O-O {[%clk 0:09:29]} 9. Nd3 {[%clk 0:07:47]}  Nxe4 {[%clk 0:09:30]} 10. Nxc5 {[%clk 0:07:18]}  Nxc5 {[%clk 0:09:32]} 11. Be3 {[%clk 0:06:21]}  Ne6 {[%clk 0:09:26]} 12. Nd2 {[%clk 0:06:16]}  d5 {[%clk 0:08:13]} 13. Nb3 {[%clk 0:06:07]}  Qd6 {[%clk 0:07:58]} 14. c4 {[%clk 0:05:11]}  dxc4 {[%clk 0:06:09]} 15. Na5 {[%clk 0:04:46]}  Qd5 {[%clk 0:05:30]} 16. Qxd5 {[%clk 0:04:22]}  cxd5 {[%clk 0:05:31]} 17. Rfd1 {[%clk 0:04:24]}  Rf5 {[%clk 0:03:28]} 18. g4 {[%clk 0:03:50]}  Re5 {[%clk 0:03:28]} 19. Nc6 {[%clk 0:03:18]}  Re4 {[%clk 0:03:29]} 20. h3 {[%clk 0:03:19]}  h5 {[%clk 0:02:54]} 21. Ne7+ {[%clk 0:03:01]}  Kf7 {[%clk 0:02:32]} 22. Nxd5 {[%clk 0:03:01]}  hxg4 {[%clk 0:02:26]} 23. Nc3 {[%clk 0:02:58]}  Re5 {[%clk 0:02:24]} 24. hxg4 {[%clk 0:02:57]}  Bb7 {[%clk 0:02:25]} 25. Kh2 {[%clk 0:02:50]}  Bf3 {[%clk 0:02:12]} 26. Rg1 {[%clk 0:02:40]}  a5 {[%clk 0:01:12]} 27. Kg3 {[%clk 0:02:38]}  Bc6 {[%clk 0:01:13]} 28. Rge1 {[%clk 0:02:18]}  Rb8 {[%clk 0:01:12]} 29. f4 {[%clk 0:02:10]}  Rxe3+ {[%clk 0:00:41]} 30. Rxe3 {[%clk 0:02:12]}  Rxb2 {[%clk 0:00:39]} 31. Re2 {[%clk 0:02:11]}  Rb8 {[%clk 0:00:38]} 32. Rae1 {[%clk 0:02:03]}  Nd4 {[%clk 0:00:18]} 33. Re7+ {[%clk 0:02:00]}  Kf8 {[%clk 0:00:17]} 34. Rxc7 {[%clk 0:01:57]}  Rb2 {[%clk 0:00:18]} 35. Rd1 {[%clk 0:01:51]}  Rg2+ {[%clk 0:00:07]} 36. Kh3 {[%clk 0:01:52]}  Ne6 {[%clk 0:00:04]} 37. Rxc6 {[%clk 0:01:50]}  Nxf4+ {[%clk 0:00:05]} 38. Kh4 {[%clk 0:01:52]}  Rc2 {[%clk 0:00:03]} 39. Rf1 {[%clk 0:01:49]} 1-0


[Site "Internet"]

[Event "Chessable Masters - Torneo preliminare"]
[White "Sourath, Biswas"]
[Black "Hambleton, Aman"]
[WhiteFideId "35091484"]
[BlackFideId "2606577"]
[WhiteElo "2138"]
[BlackElo "2447"]
[Result "1-0"]
[Round "1"]
[TimeControl "600+2"]
[Date "2023.03.13"]
[WhiteClock "0:01:39"]
[BlackClock "0:00:06"]

1. d4 {[%clk 0:09:59]}  Nf6 {[%clk 0:09:52]} 2. Bf4 {[%clk 0:09:58]}  d5 {[%clk 0:09:15]} 3. e3 {[%clk 0:09:58]}  e6 {[%clk 0:08:52]} 4. Nf3 {[%clk 0:09:57]}  Bd6 {[%clk 0:08:47]} 5. c3 {[%clk 0:09:57]}  O-O {[%clk 0:08:35]} 6. Nbd2 {[%clk 0:09:55]}  c5 {[%clk 0:08:36]} 7. Ne5 {[%clk 0:09:55]}  Qc7 {[%clk 0:08:17]} 8. Bd3 {[%clk 0:09:54]}  Nc6 {[%clk 0:08:09]} 9. Ndf3 {[%clk 0:09:55]}  Ne4 {[%clk 0:07:54]} 10. O-O {[%clk 0:09:54]}  f6 {[%clk 0:05:37]} 11. Nxc6 {[%clk 0:09:53]}  Bxf4 {[%clk 0:05:38]} 12. exf4 {[%clk 0:09:54]}  bxc6 {[%clk 0:04:28]} 13. Qc1 {[%clk 0:09:53]}  Qb6 {[%clk 0:03:39]} 14. Re1 {[%clk 0:09:12]}  Nd6 {[%clk 0:03:37]} 15. Qc2 {[%clk 0:08:52]}  f5 {[%clk 0:02:42]} 16. Ne5 {[%clk 0:07:47]}  Rb8 {[%clk 0:02:25]} 17. Rab1 {[%clk 0:07:35]}  c4 {[%clk 0:01:27]} 18. Bf1 {[%clk 0:07:35]}  Qc7 {[%clk 0:01:29]} 19. b3 {[%clk 0:07:24]}  cxb3 {[%clk 0:01:28]} 20. axb3 {[%clk 0:07:26]}  c5 {[%clk 0:01:20]} 21. Qa2 {[%clk 0:05:41]}  cxd4 {[%clk 0:00:54]} 22. cxd4 {[%clk 0:05:43]}  Nf7 {[%clk 0:00:56]} 23. Rec1 {[%clk 0:04:53]}  Qb6 {[%clk 0:00:57]} 24. Qa4 {[%clk 0:04:47]}  Nxe5 {[%clk 0:00:45]} 25. fxe5 {[%clk 0:04:49]}  Bb7 {[%clk 0:00:09]} 26. Ra1 {[%clk 0:04:39]}  Ra8 {[%clk 0:00:09]} 27. h4 {[%clk 0:04:05]}  h6 {[%clk 0:00:04]} 28. Rc5 {[%clk 0:03:57]}  Rfb8 {[%clk 0:00:03]} 29. b4 {[%clk 0:03:38]}  Kh7 {[%clk 0:00:03]} 30. h5 {[%clk 0:02:35]}  a6 {[%clk 0:00:04]} 31. Qd7 {[%clk 0:02:19]}  Bc8 {[%clk 0:00:03]} 32. Qf7 {[%clk 0:02:17]}  Qxb4 {[%clk 0:00:04]} 33. Rc7 {[%clk 0:02:17]}  Bd7 {[%clk 0:00:03]} 34. Rxd7 {[%clk 0:02:17]}  Rg8 {[%clk 0:00:05]} 35. Rc1 {[%clk 0:02:03]}  Qxd4 {[%clk 0:00:02]} 36. Qxe6 {[%clk 0:02:04]}  Qg4 {[%clk 0:00:02]} 37. Qg6+ {[%clk 0:02:03]}  Qxg6 {[%clk 0:00:03]} 38. hxg6+ {[%clk 0:02:05]}  Kxg6 {[%clk 0:00:05]} 39. Rc6+ {[%clk 0:02:07]}  Kg5 {[%clk 0:00:06]} 40. Rxa6 {[%clk 0:02:09]}  Rxa6 {[%clk 0:00:06]} 41. Bxa6 {[%clk 0:02:11]}  g6 {[%clk 0:00:03]} 42. g3 {[%clk 0:02:11]}  f4 {[%clk 0:00:03]} 43. Kg2 {[%clk 0:01:38]}  fxg3 {[%clk 0:00:03]} 44. Kxg3 {[%clk 0:01:39]}  Kf5 {[%clk 0:00:02]} 45. f4 {[%clk 0:01:40]}  Ke4 {[%clk 0:00:03]} 46. Bb7 {[%clk 0:01:35]}  Rf8 {[%clk 0:00:03]} 47. Bxd5+ {[%clk 0:01:36]}  Ke3 {[%clk 0:00:05]} 48. Bf7 {[%clk 0:01:36]}  g5 {[%clk 0:00:05]} 49. fxg5 {[%clk 0:01:38]}  hxg5 {[%clk 0:00:06]} 50. e6 {[%clk 0:01:39]} 1-0


[Site "Internet"]

[Event "Chessable Masters - Torneo preliminare"]
[White "Frolyanov, Dmitry"]
[Black "Xu, Yinglun"]
[WhiteFideId "4151976"]
[BlackFideId "8604940"]
[WhiteElo "2451"]
[BlackElo "2523"]
[Result "1/2-1/2"]
[Round "1"]
[TimeControl "600+2"]
[Date "2023.03.13"]
[WhiteClock "0:03:47"]
[BlackClock "0:02:06"]

1. d4 {[%clk 0:09:58]}  Nf6 {[%clk 0:09:59]} 2. c4 {[%clk 0:09:58]}  e6 {[%clk 0:09:59]} 3. Nf3 {[%clk 0:09:58]}  d5 {[%clk 0:09:58]} 4. g3 {[%clk 0:09:59]}  Bb4+ {[%clk 0:09:46]} 5. Bd2 {[%clk 0:09:56]}  Be7 {[%clk 0:09:45]} 6. Bg2 {[%clk 0:09:56]}  O-O {[%clk 0:09:44]} 7. O-O {[%clk 0:09:50]}  c6 {[%clk 0:09:39]} 8. Qc2 {[%clk 0:09:47]}  b6 {[%clk 0:09:38]} 9. Rd1 {[%clk 0:09:46]}  Bb7 {[%clk 0:09:35]} 10. Bf4 {[%clk 0:09:28]}  Nbd7 {[%clk 0:09:20]} 11. Nbd2 {[%clk 0:09:10]}  Nh5 {[%clk 0:07:54]} 12. Be3 {[%clk 0:08:58]}  Rc8 {[%clk 0:07:01]} 13. Ne5 {[%clk 0:08:40]}  Nhf6 {[%clk 0:06:58]} 14. Bg5 {[%clk 0:08:32]}  c5 {[%clk 0:06:36]} 15. Qa4 {[%clk 0:07:09]}  cxd4 {[%clk 0:05:26]} 16. Nxd7 {[%clk 0:07:04]}  Nxd7 {[%clk 0:05:08]} 17. Bxe7 {[%clk 0:07:06]}  Qxe7 {[%clk 0:05:09]} 18. cxd5 {[%clk 0:07:04]}  Bxd5 {[%clk 0:04:48]} 19. Bxd5 {[%clk 0:06:58]}  exd5 {[%clk 0:02:51]} 20. Qxa7 {[%clk 0:06:58]}  Ra8 {[%clk 0:02:52]} 21. Qc7 {[%clk 0:06:22]}  Rfc8 {[%clk 0:02:52]} 22. Qf4 {[%clk 0:06:22]}  Qxe2 {[%clk 0:02:51]} 23. Qxd4 {[%clk 0:05:40]}  Rxa2 {[%clk 0:02:47]} 24. Qxd5 {[%clk 0:05:40]}  Rxa1 {[%clk 0:02:47]} 25. Rxa1 {[%clk 0:05:41]}  Nf6 {[%clk 0:02:20]} 26. Ra8 {[%clk 0:05:24]}  Qe1+ {[%clk 0:02:04]} 27. Kg2 {[%clk 0:05:11]}  Qe8 {[%clk 0:02:05]} 28. Rxc8 {[%clk 0:04:56]}  Qxc8 {[%clk 0:02:06]} 29. Qd6 {[%clk 0:04:46]}  Qb7+ {[%clk 0:02:02]} 30. Kg1 {[%clk 0:04:40]}  h6 {[%clk 0:02:03]} 31. Qd8+ {[%clk 0:04:18]}  Kh7 {[%clk 0:02:04]} 32. Qd3+ {[%clk 0:04:19]}  Kg8 {[%clk 0:02:05]} 33. Qd8+ {[%clk 0:03:47]}  Kh7 {[%clk 0:02:05]} 34. Qd3+ {[%clk 0:03:47]}  Kg8 {[%clk 0:02:06]} 35. Qd8+ {[%clk 0:03:47]} 1/2-1/2


[Site "Internet"]

[Event "Chessable Masters - Torneo preliminare"]
[White "Vasquez Schroeder, Rodrigo"]
[Black "Mamedyarov, Shakhriyar"]
[WhiteFideId "3400042"]
[BlackFideId "13401319"]
[WhiteElo "2589"]
[BlackElo "2703"]
[Result "1-0"]
[Round "1"]
[TimeControl "600+2"]
[Date "2023.03.13"]
[WhiteClock "0:03:12"]
[BlackClock "0:00:06"]

1. d4 {[%clk 0:09:58]}  Nf6 {[%clk 0:09:54]} 2. c4 {[%clk 0:09:52]}  e6 {[%clk 0:09:52]} 3. Nf3 {[%clk 0:09:53]}  Bb4+ {[%clk 0:09:46]} 4. Bd2 {[%clk 0:09:53]}  c5 {[%clk 0:09:46]} 5. Bxb4 {[%clk 0:09:53]}  cxb4 {[%clk 0:09:47]} 6. a3 {[%clk 0:09:51]}  bxa3 {[%clk 0:09:41]} 7. Rxa3 {[%clk 0:09:52]}  b6 {[%clk 0:09:39]} 8. Nc3 {[%clk 0:09:51]}  d5 {[%clk 0:09:03]} 9. e3 {[%clk 0:09:37]}  O-O {[%clk 0:08:50]} 10. Be2 {[%clk 0:09:12]}  dxc4 {[%clk 0:08:33]} 11. Bxc4 {[%clk 0:09:13]}  Bb7 {[%clk 0:08:34]} 12. O-O {[%clk 0:09:13]}  a6 {[%clk 0:07:25]} 13. Bd3 {[%clk 0:09:05]}  b5 {[%clk 0:07:21]} 14. Ra1 {[%clk 0:09:02]}  Nbd7 {[%clk 0:07:20]} 15. Qe2 {[%clk 0:08:56]}  Qb6 {[%clk 0:06:31]} 16. e4 {[%clk 0:08:45]}  Rfd8 {[%clk 0:06:06]} 17. Rfd1 {[%clk 0:08:09]}  Nf8 {[%clk 0:05:42]} 18. h3 {[%clk 0:08:06]}  Rac8 {[%clk 0:05:38]} 19. Qe3 {[%clk 0:08:02]}  Ng6 {[%clk 0:05:32]} 20. Rac1 {[%clk 0:07:51]}  e5 {[%clk 0:04:51]} 21. d5 {[%clk 0:07:37]}  Qxe3 {[%clk 0:04:50]} 22. fxe3 {[%clk 0:07:38]}  Nd7 {[%clk 0:04:41]} 23. b4 {[%clk 0:07:32]}  f6 {[%clk 0:04:37]} 24. Nd2 {[%clk 0:07:29]}  Nh8 {[%clk 0:04:28]} 25. Nb3 {[%clk 0:07:29]}  Nf7 {[%clk 0:04:28]} 26. Na5 {[%clk 0:07:18]}  Ba8 {[%clk 0:04:28]} 27. g4 {[%clk 0:06:56]}  Nd6 {[%clk 0:04:04]} 28. Nb1 {[%clk 0:06:54]}  Nb6 {[%clk 0:03:46]} 29. Nd2 {[%clk 0:06:54]}  Na4 {[%clk 0:03:47]} 30. Nab3 {[%clk 0:06:38]}  Nb2 {[%clk 0:03:46]} 31. Nc5 {[%clk 0:06:21]}  Nxd1 {[%clk 0:03:24]} 32. Rxd1 {[%clk 0:06:20]}  a5 {[%clk 0:03:25]} 33. Ne6 {[%clk 0:06:08]}  axb4 {[%clk 0:03:19]} 34. Nxd8 {[%clk 0:06:08]}  Rxd8 {[%clk 0:03:20]} 35. Rb1 {[%clk 0:06:09]}  Rb8 {[%clk 0:02:37]} 36. Rxb4 {[%clk 0:06:10]}  Bb7 {[%clk 0:02:39]} 37. Nb1 {[%clk 0:05:59]}  Bc8 {[%clk 0:02:38]} 38. Nc3 {[%clk 0:05:56]}  Bd7 {[%clk 0:02:40]} 39. Kf2 {[%clk 0:05:57]}  Rc8 {[%clk 0:02:37]} 40. Rb3 {[%clk 0:05:50]}  Rc5 {[%clk 0:02:26]} 41. Kf3 {[%clk 0:05:28]}  Kf7 {[%clk 0:02:26]} 42. Kg3 {[%clk 0:05:26]}  Ke7 {[%clk 0:02:27]} 43. Kf3 {[%clk 0:05:26]}  Kd8 {[%clk 0:02:25]} 44. Ne2 {[%clk 0:05:20]}  Kc7 {[%clk 0:02:24]} 45. Ng3 {[%clk 0:05:21]}  g6 {[%clk 0:02:21]} 46. Ke2 {[%clk 0:05:19]}  Kb6 {[%clk 0:02:17]} 47. Kd2 {[%clk 0:05:19]}  Nc4+ {[%clk 0:02:06]} 48. Bxc4 {[%clk 0:05:14]}  Rxc4 {[%clk 0:02:08]} 49. Kd3 {[%clk 0:05:10]}  Kc5 {[%clk 0:02:06]} 50. Ra3 {[%clk 0:04:52]}  Ra4 {[%clk 0:01:57]} 51. Rc3+ {[%clk 0:04:50]}  Kb6 {[%clk 0:01:57]} 52. Rb3 {[%clk 0:04:32]}  b4 {[%clk 0:01:57]} 53. Rb2 {[%clk 0:04:29]}  Bb5+ {[%clk 0:01:58]} 54. Kd2 {[%clk 0:04:30]}  Kc5 {[%clk 0:01:57]} 55. Nh1 {[%clk 0:04:24]}  Bc4 {[%clk 0:01:38]} 56. Nf2 {[%clk 0:04:24]}  Ra3 {[%clk 0:01:39]} 57. g5 {[%clk 0:04:04]}  f5 {[%clk 0:01:32]} 58. exf5 {[%clk 0:04:01]}  gxf5 {[%clk 0:01:34]} 59. e4 {[%clk 0:04:02]}  Rf3 {[%clk 0:01:29]} 60. Kd1 {[%clk 0:03:57]}  f4 {[%clk 0:00:35]} 61. Ng4 {[%clk 0:03:29]}  Rd3+ {[%clk 0:00:21]} 62. Rd2 {[%clk 0:03:23]}  b3 {[%clk 0:00:21]} 63. Nxe5 {[%clk 0:03:16]}  Rxh3 {[%clk 0:00:11]} 64. Kc1 {[%clk 0:03:09]}  Bb5 {[%clk 0:00:07]} 65. d6 {[%clk 0:03:11]}  Re3 {[%clk 0:00:05]} 66. d7 {[%clk 0:03:12]}  Bxd7 {[%clk 0:00:06]} 67. Nxd7+ {[%clk 0:03:13]}  Kb4 {[%clk 0:00:06]} 68. Kb2 {[%clk 0:03:09]}  Rxe4 {[%clk 0:00:05]} 69. Nf6 {[%clk 0:03:11]}  Re3 {[%clk 0:00:03]} 70. Nd5+ {[%clk 0:03:12]}  Kc4 {[%clk 0:00:03]} 71. Nxe3+ {[%clk 0:03:12]}  fxe3 {[%clk 0:00:05]} 72. Rh2 {[%clk 0:03:12]}  Kc5 {[%clk 0:00:06]} 73. Rxh7 {[%clk 0:03:12]} 1-0


[Site "Internet"]

[Event "Chessable Masters - Torneo preliminare"]
[White "Esipenko, Andrey"]
[Black "Kevlishvili, Robby"]
[WhiteFideId "24175439"]
[BlackFideId "1040634"]
[WhiteElo "2682"]
[BlackElo "2577"]
[Result "0-1"]
[Round "1"]
[TimeControl "600+2"]
[Date "2023.03.13"]
[WhiteClock "0:01:28"]
[BlackClock "0:02:02"]

1. d4 {[%clk 0:10:00]}  d5 {[%clk 0:09:58]} 2. c4 {[%clk 0:09:58]}  c6 {[%clk 0:09:57]} 3. Nf3 {[%clk 0:09:59]}  Nf6 {[%clk 0:09:58]} 4. e3 {[%clk 0:09:58]}  Bf5 {[%clk 0:09:58]} 5. Nc3 {[%clk 0:09:58]}  e6 {[%clk 0:09:57]} 6. Nh4 {[%clk 0:09:59]}  Be4 {[%clk 0:09:58]} 7. f3 {[%clk 0:09:56]}  Bg6 {[%clk 0:09:59]} 8. Bd2 {[%clk 0:09:56]}  Be7 {[%clk 0:09:59]} 9. Nxg6 {[%clk 0:09:55]}  hxg6 {[%clk 0:09:59]} 10. Qb3 {[%clk 0:09:43]}  Qc7 {[%clk 0:10:00]} 11. O-O-O {[%clk 0:09:42]}  dxc4 {[%clk 0:10:00]} 12. Bxc4 {[%clk 0:09:43]}  b5 {[%clk 0:09:59]} 13. Be2 {[%clk 0:09:44]}  a6 {[%clk 0:10:01]} 14. Ne4 {[%clk 0:09:39]}  Nxe4 {[%clk 0:09:59]} 15. fxe4 {[%clk 0:09:40]}  c5 {[%clk 0:10:01]} 16. Kb1 {[%clk 0:09:37]}  Nc6 {[%clk 0:09:40]} 17. Qc2 {[%clk 0:09:34]}  Rc8 {[%clk 0:08:38]} 18. d5 {[%clk 0:09:25]}  exd5 {[%clk 0:08:39]} 19. exd5 {[%clk 0:09:24]}  Ne5 {[%clk 0:08:40]} 20. h4 {[%clk 0:09:22]}  Qd6 {[%clk 0:08:10]} 21. e4 {[%clk 0:08:35]}  Rxh4 {[%clk 0:07:44]} 22. g3 {[%clk 0:08:17]}  Rxh1 {[%clk 0:07:41]} 23. Rxh1 {[%clk 0:08:19]}  Bf6 {[%clk 0:07:39]} 24. g4 {[%clk 0:07:35]}  g5 {[%clk 0:07:35]} 25. Qc1 {[%clk 0:07:34]}  Ng6 {[%clk 0:07:19]} 26. Bxg5 {[%clk 0:07:27]}  Bxg5 {[%clk 0:06:12]} 27. Qxg5 {[%clk 0:07:25]}  Qf4 {[%clk 0:05:25]} 28. Qf5 {[%clk 0:05:36]}  Qxf5 {[%clk 0:05:02]} 29. exf5 {[%clk 0:05:36]}  Nf4 {[%clk 0:04:28]} 30. Bf3 {[%clk 0:05:27]}  Ke7 {[%clk 0:04:28]} 31. g5 {[%clk 0:05:03]}  Kd6 {[%clk 0:03:09]} 32. Rh7 {[%clk 0:04:42]}  Rg8 {[%clk 0:03:10]} 33. Kc1 {[%clk 0:04:15]}  Ke5 {[%clk 0:03:06]} 34. Bg4 {[%clk 0:03:08]}  Kxd5 {[%clk 0:02:54]} 35. Rh1 {[%clk 0:03:03]}  c4 {[%clk 0:02:40]} 36. Kd2 {[%clk 0:03:00]}  Nd3 {[%clk 0:02:40]} 37. Rh7 {[%clk 0:02:48]}  Kd6 {[%clk 0:02:10]} 38. Bh5 {[%clk 0:02:37]}  Ne5 {[%clk 0:02:09]} 39. Bd1 {[%clk 0:02:30]}  g6 {[%clk 0:02:07]} 40. fxg6 {[%clk 0:02:12]}  Rxg6 {[%clk 0:02:05]} 41. Rh6 {[%clk 0:02:11]}  Kc5 {[%clk 0:02:01]} 42. Rxg6 {[%clk 0:02:07]}  fxg6 {[%clk 0:02:02]} 43. Ke3 {[%clk 0:02:06]}  Nf7 {[%clk 0:02:02]} 44. Kf4 {[%clk 0:01:49]}  Kd4 {[%clk 0:02:00]} 45. Bc2 {[%clk 0:01:51]}  Ne5 {[%clk 0:02:02]} 46. a3 {[%clk 0:01:27]}  Nd3+ {[%clk 0:02:01]} 47. Kf3 {[%clk 0:01:28]}  Ne1+ {[%clk 0:02:02]} 0-1


[Site "Internet"]